Statistiques concernant Cours d'eau par villes les traversant 2

Cliquez ici pour prendre le quiz!

Statistiques générales

  • Ce quiz a été pris 29 fois
  • Le résultat moyen est 8 sur 15

Statistiques - réponses

DifficultéVillesCours d'eau% Correct
MoyenNiamey - Bamako - OnitshaNiger
96%
FacilePhnom Penh - Vientiane - Luang PrabangMékong
92%
FacileTurin - Crémone - Plaisance
92%
FacileBagdad - Bassorah - MossoulTigre
88%
FacileVarsovie - Cracovie - PlockVistule
81%
FacileLaredo - El Paso - AlbuquerqueRio Grande
73%
MoyenSaratov - Tolyatti - SamaraVolga
73%
DifficileHeihe - Khabarovsk - KomsomolskAmour
42%
MoyenSukkur - Hyderabad - Dera Ismail KhanIndus
42%
DifficileLittle Rock - Tulsa - WichitaArkansas
35%
DifficleGuwahati - Tezpur - SirajganjBrahmapoutre
23%
DifficileBabruysk - Byerazino - BarysawBérézina
12%
MoyenCiudad Bolivar - Ciudad Guayana - Puerto AyacuchoOrénoque
12%
MoyenPortland - Vancouver - KennewickColumbia
4%
DifficileNakhon Sawan - Ayutthaya - BangkokChao Phraya
0%

Distribution des résultats

Percentile par nombre de réponses

% des personnes avec chaque résultat

Votre développement - résultats

Vous n’avez pas pris ce quiz